Νίκος Καζαντζάκης ο ασυμβίβαστος : βιογραφία βασισμένη σε ανέκδοτα γράμματα και κείμενα του
Saved in:
| Main Author: | |
|---|---|
| Format: | Book |
| Language: | Greek |
| Published: |
Αθήνα :
Καζαντάκη,
1983
|
| Edition: | 2η έκδ. |
| Subjects: | |
| Tags: |
Add Tag
No Tags, Be the first to tag this record!
|
MARC
| LEADER | 00000cam a2200000 i 4500 | ||
|---|---|---|---|
| 001 | 1/83921 | ||
| 008 | 050824s1983 gre d | ||
| 035 | |l 10079895 | ||
| 040 | |a GR-MY-UA |b gre |e aacr | ||
| 041 | 0 | |a gre | |
| 082 | 0 | |a 889.33092 |2 (22) | |
| 100 | 1 | |a Καζαντζάκη, Ελένη Ν. | |
| 245 | 1 | 0 | |a Νίκος Καζαντζάκης ο ασυμβίβαστος : |b βιογραφία βασισμένη σε ανέκδοτα γράμματα και κείμενα του / |c Ελένης Ν. Καζαντζάκη |
| 250 | |a 2η έκδ. | ||
| 260 | |a Αθήνα : |b Καζαντάκη, |c 1983 | ||
| 300 | |a 699 σ.; |c 25 εκ. | ||
| 504 | |a Περιέχει βιβλιογραφικές παραπομπές | ||
| 600 | 1 | 7 | |2 nlgaf |a Καζαντζάκης, Νίκος, |d 1883-1957. |
| 650 | 0 | 0 | |a Biography. |
| 650 | 0 | 0 | |a Greek literature, Modern. |
| 852 | |a INST |b RHODES |c KRI |e 20050824 |h 889.33092 ΚΑΖ |p 005400028568 |q 005400028568 |t BK |y 0 | ||
| 901 | |a BIBL4-2005-2 | ||
| 909 | |a Ρ |b 122130 | ||
| 970 | |a ΣΙΔΕΡΗ |b ΝΕΚΤΑΡΙΑ |z 2005/08/24 | ||